000 00348nam a2200133Ia 4500
008 240624s9999 xx 000 0 und d
041 _aeng
082 _a658.404 JHA
100 _aJHA SHANKAR
245 _aPROJECT MANAGER S COMMUNICATION TOOLKIT
260 _c2010
_aLondon
_bCRC Press
300 _axvii, : 182 : p. : cm. ; 24
365 _cBPS
_b27
999 _c16907
_d16907